| 000 | 00725 a2200229 4500 | ||
|---|---|---|---|
| 003 | KOHA | ||
| 005 | 20260413125115.0 | ||
| 008 | 260413b tu ||||| |||| 00| 0 tur d | ||
| 040 |
_aTR-AnABB _btur _cTR-AnABB |
||
| 041 | _atur | ||
| 082 |
_a338.9561 _bERK 1972 |
||
| 100 | 1 | _aErkal, Mustafa E. | |
| 245 | 1 | 0 |
_aBölgeler arası dengesizlik ve Doğu kalkınması / _cMustafa E. Erkal |
| 246 | _aDoğu Kalkınması | ||
| 260 |
_aAnkara : _bŞamil Yayınevi, _c1972 |
||
| 300 |
_a262 sayfa ; _c18 cm |
||
| 490 | 0 |
_aŞamil Yayınevi; _v12 _aSosyal ve ekonomik dizi ; _v1 |
|
| 650 | 0 | 4 | _aBölgesel kalkınma |
| 650 | 0 | 4 | _aBölgesel ve toplumsal kalkınma |
| 900 | _bCan ÇELIK | ||
| 942 |
_2ddc _cBK |
||
| 999 |
_c10201 _d10201 |
||